000
00210nam a22000857a 4500
008
161124b xxu||||| |||| 00| 0 eng d
100
_9
1354
_a
BPI India
245
_a
The Not Book
260
_a
New Delhi
_b
BPI India
_c
2011
999
_c
4068
_d
4068